Ek kutam: pitar salvador noronha bapacha jivitachya amrtotsavacho smaran anko 1936-2011 (Record no. 215618)
[ view plain ]
| 000 -LEADER | |
|---|---|
| fixed length control field | 00808nam a2200193Ia 4500 |
| 003 - CONTROL NUMBER IDENTIFIER | |
| control field | OSt |
| 005 - DATE AND TIME OF LATEST TRANSACTION | |
| control field | 20250217111914.0 |
| 008 - FIXED-LENGTH DATA ELEMENTS--GENERAL INFORMATION | |
| fixed length control field | 210719s2011 xx 000 0 und d |
| 040 ## - CATALOGING SOURCE | |
| Transcribing agency | AL |
| 041 ## - LANGUAGE CODE | |
| Language code of text/sound track or separate title | Konkani |
| 082 ## - DEWEY DECIMAL CLASSIFICATION NUMBER | |
| Classification number | 891.468 BENE |
| 100 ## - MAIN ENTRY--PERSONAL NAME | |
| Personal name | BENDURCHO TALO |
| Dates associated with a name | ಬೆಂದುರ್ಚೊ ತಾಳೊ |
| 9 (RLIN) | 200237 |
| 245 ## - TITLE STATEMENT | |
| Title | Ek kutam: pitar salvador noronha bapacha jivitachya amrtotsavacho smaran anko 1936-2011 |
| Remainder of title | ಏಕ್ ಕುಟಮ್: ಪಿತರ್ ಸಾಲ್ವದೊರ್ ನೊರೊನ್ಹಾ ಬಾಪಾಚಾ ಜಿವಿತಾಚ್ಯಾ ಅಮೃತೋತ್ಸವಾಚೊ ಸ್ಮರಣ್ ಅಂಕೊ 1936-2011 |
| 260 ## - PUBLICATION, DISTRIBUTION, ETC. | |
| Place of publication, distribution, etc. | Mangalur |
| Date of publication, distribution, etc. | 2011 |
| 300 ## - PHYSICAL DESCRIPTION | |
| Extent | 120 |
| Other physical details | PB |
| 650 ## - SUBJECT ADDED ENTRY--TOPICAL TERM | |
| Topical term or geographic name entry element | Konkani Literature |
| 9 (RLIN) | 200238 |
| 650 ## - SUBJECT ADDED ENTRY--TOPICAL TERM | |
| Topical term or geographic name entry element | Konkani Miscellaneous |
| 9 (RLIN) | 200239 |
| 942 ## - ADDED ENTRY ELEMENTS (KOHA) | |
| Source of classification or shelving scheme | Dewey Decimal Classification |
| Koha item type | Book |
| Withdrawn status | Lost status | Damaged status | Not for loan | Collection code | Home library | Current library | Date acquired | Total Checkouts | Full call number | Barcode | Date last seen | Price effective from | Koha item type |
|---|---|---|---|---|---|---|---|---|---|---|---|---|---|
| St Aloysius Library | St Aloysius Library | 03/02/2016 | 891.468 BENE | D04252 | 07/19/2021 | 07/19/2021 | Donated Books |